| 000 | 01226cam a2200325 i 4500 | ||
|---|---|---|---|
| 999 |
_c1172 _d1172 |
||
| 001 | 1288318 | ||
| 003 | GZU | ||
| 005 | 20200929100230.0 | ||
| 008 | 760122s1976 nyua b 001 0 eng | ||
| 010 | _a 76002004 | ||
| 020 | _a003080986X | ||
| 040 |
_aDLC _cDLC _dDLC |
||
| 050 | 0 | 0 |
_aH61 _bSEL 1976 |
| 082 | 0 | 0 |
_a300/.72 _219 |
| 100 | 1 | _aSelltiz, Claire. | |
| 245 | 1 | 0 |
_aResearch methods in social relations / _cby Claire Selltiz, Lawrence S. Wrightsman, Stuart W. Cook, in collaboration with George I. Balch, Richard Hofstetter, Leonard Bickman. |
| 250 | _a3d ed. | ||
| 260 |
_aNew York : _bHolt, Rinehart and Winston, _cc1976. |
||
| 300 |
_axv, 624 p. : _bill. ; _c25 cm. |
||
| 500 | _aPrevious editions are entered under title. | ||
| 500 | _a"Published for the Society for the Psychological Study of Social Issues (SPSSI)" | ||
| 500 | _aIncludes index. | ||
| 504 | _aBibliography: p. 583-609. | ||
| 650 | 0 |
_aSocial sciences _xResearch. |
|
| 700 | 1 | _aWrightsman, Lawrence S. | |
| 700 | 1 |
_aCook, Stuart W. _q(Stuart Wellford), _d1913-1993, _ejoint author. |
|
| 710 | 2 | _aSociety for the Psychological Study of Social Issues. | |
| 906 |
_a7 _bcbc _corignew _d1 _eocip _f19 _gy-gencatlg |
||
| 942 |
_2lcc _cBK _h61 _iSEL _kH |
||